| 000 | 00425nam a2200169Ia 4500 | ||
|---|---|---|---|
| 008 | 230524s9999 xx 000 0 und d | ||
| 082 |
_a333.794 _bDUB |
||
| 100 |
_aS.K.Dubey _941968 |
||
| 245 | 0 | _aNon-Conventional Energy Resources | |
| 250 | _a1 | ||
| 260 |
_aNew Delhi _bDhanpati Rai _c2013 |
||
| 300 | _a333p; | ||
| 500 | _aQuantity Number: 1 | ||
| 650 | _aElectrical | ||
| 700 |
_aS.K.Bhargave _941969 |
||
| 942 | _cBK | ||
| 999 |
_c56383 _d56383 |
||